Statistics for Top 15 Countries with Covid-19 Cases - 30 March 2022

Click here to take the quiz!

General Stats

  • This quiz has been taken 25 times
  • The average score is 15 of 29

Answer Stats

country% Correct
United States
100%
France
92%
India
92%
Russia
92%
Brazil
88%
United Kingdom
88%
Italy
83%
Spain
83%
Germany
79%
Argentina
75%
Turkey
63%
South Korea
54%
Belgium
46%
Iran
46%
Netherlands
46%
Netherlands
46%
Portugal
46%
Czechia
38%
Austria
33%
Israel
33%
Switzerland
29%
Denmark
25%
Slovenia
25%
Vietnam
25%
Estonia
17%
Latvia
17%
Lithuania
17%
Georgia
4%
Cyprus
0%

Score Distribution

Percentile by Number Answered

Percent of People with Each Score

Your Score History

You have not taken this quiz